|
|
|
|
| LEADER |
01114cam a2200265 7i4500 |
| 001 |
0000058324 |
| 005 |
20210324090000.0 |
| 020 |
|
|
|a 9783030251161 (electronic book)
|
| 090 |
0 |
0 |
|a RC927
|b .D65 2020
|
| 245 |
0 |
0 |
|a Diagnostic radiology of the rheumatic diseases :
|b interpreting musculoskeletal radiographs, ultrasound, and MRI
|c Robert S. Katz, Anupam Basu, editors.
|
| 264 |
|
|
|a Cham:
|b Springer,
|c 2020.
|
| 300 |
|
|
|a 1 online resource (154 pages):
|b colour illustrations, text file, PDF.
|
| 336 |
|
|
|a text
|2 rdacontent
|
| 337 |
|
|
|a computer
|2 rdamedia
|
| 338 |
|
|
|a online resource
|2 rdacarrier
|
| 650 |
|
0 |
|a Rheumatology --
|x Diagnosis
|
| 650 |
|
0 |
|a Diagnostic imaging
|
| 650 |
|
0 |
|a Medical radiology
|
| 655 |
|
0 |
|a Electronic books
|
| 700 |
1 |
|
|a Katz, Robert S.
|
| 700 |
1 |
|
|a Basu, Anupam
|
| 856 |
4 |
2 |
|u http://library.unisel.edu.my/equip-unisel/custom/ebook_catalog/ebook/DiagnosticRadiologyoftheRheumaticDiseasesInterpretingMusculoskeletalRadiographsUltrasoundandMRI.pdf
|
| 997 |
|
|
|a Health Sciences, Faculty
|
| 998 |
|
|
|a Medical Imaging, Diploma
|
| 999 |
|
|
|a EBO0004664
|b EBOOK
|c EBOOK
|e Electronic resources
|